Full List of World Countries, Territories, Dependencies & Islands 400+ - Statistics

General Stats
  • This quiz has been taken 157 times
    128 since last reset
  • The average score is 198 of 413
Answer Stats
Continent Answer % Correct
Europe Bulgaria
83%
North America United States/USA
83%
Europe - De Facto Independent State of Serbia Kosovo
79%
Europe Albania
76%
Oceania Australia
76%
Europe Austria
76%
Europe Bosnia & Herzegovina
76%
Europe - United Kingdom England
76%
Europe France
76%
North America - U.S exclave state in near Canada Alaska
72%
Europe Andorra
72%
Europe Belarus
72%
Europe Belgium
72%
South America Chile
72%
Asia China
72%
Europe - Island (Denmark) Faroe Islands
72%
Europe Germany
72%
North America - Island (Denmark) Greenland
72%
Europe Ireland
72%
Europe Italy
72%
Europe Lithuania
72%
North America Mexico
72%
Europe Portugal
72%
Europe Russia
72%
Europe - United Kingdom Scotland
72%
Europe Spain
72%
Europe Sweden
72%
Eurasia Turkey
72%
Europe - United Kingdom Wales
72%
Middle East Afghanistan
69%
Eurasia Armenia
69%
Eurasia Azerbaijan
69%
Central America Belize
69%
North America Canada
69%
Europe Croatia
69%
Eurasia Cyprus
69%
Europe Denmark
69%
Europe Finland
69%
Eurasia Georgia
69%
Europe - British Overseas Territory near Spain Gibraltar
69%
Central America Honduras
69%
Europe Hungary
69%
Europe Iceland
69%
Asia India
69%
Asia Indonesia
69%
Eurasia Kyrgyzstan
69%
Europe Latvia
69%
Europe Moldova
69%
Europe - United Kingdom Northern Ireland
69%
Europe Norway
69%
Central America Panama
69%
Europe Romania
69%
Europe Serbia
69%
Europe Slovakia
69%
Europe Slovenia
69%
Africa - De Facto Independent State Somaliland
69%
Europe - Island (Norway) Svalbard
69%
Europe Switzerland
69%
Asia - De Facto Sovereign State of China Taiwan
69%
Europe Ukraine
69%
Europe Vatican City
69%
Oceania American Samoa
66%
Caribbean Antigua & Barbuda
66%
Asia Brunei
66%
Asia Cambodia
66%
Oceania (N.Z) Cook Islands
66%
Central America Costa Rica
66%
Europe Czech Republic
66%
Central America El Salvador
66%
Europe Estonia
66%
Island - Atlantic Ocean (U.K) Falkland Islands
66%
Europe Greece
66%
Asia - Special Region of China Hong Kong
66%
Asia Japan
66%
Europe - Island (U.K) Jersey
66%
Eurasia Kazakhstan
66%
Europe Liechtenstein
66%
Asia Malaysia
66%
Island - Indian Ocean (France) Mayotte
66%
Europe Montenegro
66%
Asia Myanmar
66%
Asia Pakistan
66%
Middle East Palestine
66%
Europe Poland
66%
Middle East Qatar
66%
Europe San Marino
66%
Middle East Saudi Arabia
66%
Europe - Island (Italy) Sicily
66%
Africa Somalia
66%
Eurasia Uzbekistan
66%
Africa - Disputed Western Territory Western Sahara
66%
Eurasia - De Facto Independent State of Georgia Abkhazia
62%
Africa Algeria
62%
South America Argentina
62%
Asia Bangladesh
62%
Asia Bhutan
62%
South America Bolivia
62%
South America Brazil
62%
Caribbean (U.K) Cayman Islands
62%
Oceania (Australia) Christmas Island
62%
South America Colombia
62%
Caribbean Cuba
62%
Caribbean Dominican Republic
62%
Asia East Timor/Timor Leste
62%
Africa Egypt
62%
Caribbean (France) Guadeloupe
62%
Oceania (U.S) Guam
62%
Central America Guatemala
62%
Europe - Island (U.K) Guernsey
62%
Middle East Iraq
62%
Europe - Island (U.K) Isle of Man
62%
Middle East Israel
62%
Asia Laos
62%
Middle East Lebanon
62%
Europe Luxembourg
62%
Europe Malta
62%
Africa Morocco
62%
Europe Netherlands
62%
Central America Nicaragua
62%
Eurasia - De Facto Independent State of Cyprus Northern Cyprus
62%
Asia North Korea
62%
Europe North Macedonia
62%
Oceania Papua New Guinea
62%
Caribbean (U.S) Puerto Rico
62%
Asia South Korea
62%
Eurasia - De Facto Independent State of Georgia South Ossetia
62%
Africa Sudan
62%
Asia Thailand
62%
Europe - Breakaway State of Moldova Transnistria
62%
Eurasia Turkmenistan
62%
Europe - Autonomous Republic of Russia Tuva
62%
Middle East United Arab Emirates/UAE
62%
Caribbean (U.S) U.S Virgin Islands
62%
Asia Vietnam
62%
Africa Angola
59%
Caribbean (U.K) Anguilla
59%
Caribbean (Nethelands) Aruba
59%
Caribbean Bahamas
59%
Middle East Bahrain
59%
Caribbean (U.K) British Virgin Islands
59%
Africa Chad
59%
Europe - Island (France) Corsica
59%
Africa Democratic Republic of Congo/DRC/DR Congo
59%
Africa Djibouti
59%
South America Ecuador
59%
Africa Ethiopia
59%
Oceania Fiji
59%
Africa Ghana
59%
Africa Guinea
59%
Caribbean Haiti
59%
Middle East Iran
59%
Middle East Jordan
59%
Middle East Kuwait
59%
Asia - Special Region of China Macau
59%
Caribbean (France) Martinique
59%
Africa (Island Country) Mauritius
59%
Europe Monaco
59%
Caribbean (U.K) Montserrat
59%
Asia Nepal
59%
Oceania New Zealand
59%
Asia Philippines
59%
Oceania Samoa
59%
Europe - Island (Italy) Sardinia
59%
Asia Singapore
59%
Africa South Sudan
59%
Middle East Yemen
59%
Caribbean Barbados
55%
Africa Benin
55%
Africa Botswana
55%
Africa Burkina Faso
55%
Africa Comoros
55%
Europe - Semi-Autonomous Republic of Russia Crimea
55%
Africa Equatorial Guinea
55%
Oceania (France) French Polynesia
55%
Caribbean Grenada
55%
South America Guyana
55%
Island - Pacific Ocean (U.S State) Hawaii
55%
Caribbean Jamaica
55%
Africa Kenya
55%
Oceania Kiribati
55%
Africa Lesotho
55%
Africa Libya
55%
Africa (Island Country) Madagascar
55%
Oceania Marshall Islands
55%
Africa Mauritania
55%
Africa Niger
55%
Africa Nigeria
55%
Oceania (N.Z) Niue
55%
Middle East Oman
55%
Oceania Palau
55%
South America Peru
55%
Island - Indian Ocean (France) Reunion
55%
Africa (Island Country) Seychelles
55%
Oceania Solomon Islands
55%
Asia Sri Lanka
55%
Caribbean St Kitts & Nevis
55%
South America Suriname
55%
Middle East Syria
55%
Eurasia Tajikistan
55%
Africa Tanzania
55%
Africa Togo
55%
Oceania Tonga
55%
Africa Tunisia
55%
Africa Uganda
55%
South America Venezuela
55%
Europe - Island (Finland) Aland Islands
52%
Island - Atlantic Ocean (U.K) Bermuda
52%
Africa Cameroon
52%
Island - Atlantic Ocean (Spain) Canary Islands
52%
Africa (Island Country) Cape Verde
52%
Caribbean (Nethelands) Curacao
52%
Caribbean Dominica
52%
Africa Eritrea
52%
Africa Eswatini
52%
Europe - Dutch-speaking region of Belgium Flanders/Flemish Region
52%
South America (French Overseas Territory) French Guiana
52%
Africa Gabon
52%
Africa Guinea-Bissau
52%
Africa Ivory Coast
52%
Africa Liberia
52%
Island - Atlantic Ocean (Portugal) Madeira
52%
Africa Mali
52%
Asia Mongolia
52%
Africa Mozambique
52%
Africa Namibia
52%
Oceania (U.S) Northern Mariana Islands
52%
South America Paraguay
52%
Africa Senegal
52%
Africa Sierra Leone
52%
Africa South Africa
52%
Caribbean St Lucia
52%
Caribbean St Vincent & the Grenadines
52%
Caribbean Trinidad & Tobago
52%
South America Uruguay
52%
Africa Zambia
52%
Africa Zimbabwe
52%
Island - Atlantic Ocean (Portugal) Azores
48%
Europe - Island (Spain) Balearic Islands
48%
Africa Burundi
48%
Europe - Spanish Autonomous Community Catalonia
48%
Island - Pacific Ocean (Chile) Easter Island
48%
Oceania (U.S) Federated States of Micronesia
48%
Island - Atlantic Ocean (Ecuador) Galapagos Islands
48%
Africa Gambia
48%
Africa Malawi
48%
Asia Maldives
48%
Oceania Nauru
48%
Oceania (France) New Caledonia
48%
Africa Rwanda
48%
Caribbean (France) Saint Marten
48%
Caribbean (Nethelands) Sint Maarten
48%
Caribbean (France) St Barthelemy
48%
Island - Atlantic Ocean (U.K) St Helena
48%
Asia - Autonomous region of China Tibet
48%
Oceania (N.Z) Tokelau
48%
Caribbean (U.K) Turks & Caicos
48%
Oceania Tuvalu
48%
Oceania Vanuatu
48%
Europe - French-speaking southern region of Belgium Wallonia
48%
Middle East - Palestinian Territory West Bank
48%
Caribbean (Nethelands) Bonaire
45%
Europe - Island (Greece) Crete
45%
Europe - Autonomous Republic of Russia Dagestan
45%
Eurasia - Breakaway State of Armenia Nagorno-Karabakh/Artsakh
45%
Africa (Island Country) Sao Tome & Principe
45%
Europe - Spanish Autonomous Community Basque Country
41%
Oceania (Autonomous Region of New Guinea) Bougainville
41%
Africa Central African Republic
41%
Oceania (Australia) Cocos Islands/Keeling Islands
41%
Europe - Island (U.K) Herm
41%
Oceania (U.S) Johnston Atoll
41%
Europe - Russian exclave between Poland and Lithuania Kaliningrad
41%
Eurasia - Autonomous Republic of Uzbekistan Karakalpakstan
41%
Oceania (U.S) Midway Atoll
41%
Oceania (Australia) Norfolk Island
41%
Africa - De Fact Autonomous State in Somalia Puntland
41%
Europe - Island (U.K) Sark
41%
Caribbean (Nethelands) Sint Eustatius
41%
Oceania (France) Wallis & Futuna
41%
Antarctica (Australia) Australian Antarctic Territory
38%
Oceania (U.S) Baker Island
38%
Oceania (N.Z) Chatham Islands
38%
Europe - Semi-Autonomous Republic of Russia Chechnya
38%
Middle East - Palestinian Territory Gaza Strip
38%
Europe - Island (Norway) Jan Mayen
38%
Europe - Autonomous Republic of Russia North Ossetia-Alania
38%
Oceania (U.K) Pitcairn Islands
38%
Caribbean (Nethelands) Saba
38%
Island - Atlantic Ocean (France) St Pierre & Miquelon
38%
Oceania (U.S) Wake Island
38%
Eurasia - British Sovereign Base in Cyprus Akrotiri & Dhekelia
34%
Europe - Island (U.K) Alderney
34%
Europe - Spanish Autonomous Community Andalusia
34%
Europe - Autonomous Republic of Russia Bashkortostan
34%
Island - Indian Ocean (U.K) British Indian Ocean Territory
34%
Africa - Spanish Autonomous City Ceuta
34%
Antarctica (Chile) Chilean Antarctic Territory
34%
Island - Pacific Ocean (France) Clipperton Island
34%
Europe - Disputed Republic of Russia Donetsk
34%
Asia - Autonomous region of China Inner Mongolia
34%
Oceania (U.S) Jarvis Island
34%
Europe - Disputed Republic of Russia Luhansk
34%
Caribbean (U.S) Navassa Island
34%
Oceania (U.S) Palmyra Atoll
34%
Europe - Island (Scotland) Shetland Islands
34%
Europe - Spanish Autonomous Community Valencian Community/Valencia
34%
Asia - Autonomous region of China Xinjiang
34%
Africa - Semi-Autonomous Archipelago of Tanzania Zanzibar
34%
Europe - Spanish Autonomous Community Aragon
31%
Island - Atlantic Ocean (U.K) Ascension Island
31%
Europe - Autonomous Republic of Russia Ingushetia
31%
Oceania (U.S) Kingman Reef
31%
Africa - Spanish Autonomous City Melilla
31%
Europe - Autonomous Monastic State of Greece Mount Athos
31%
Europe - Island (Scotland) Orkney Islands
31%
Asia - Disputed Islands Spratly Islands
31%
Island - Atlantic Ocean (U.K) Tristan da Cunha
31%
Oceania - Indonesian Territory of New Guinea West Papua
31%
Eurasia - Autonomous Republic of Georgia Adjara
28%
Europe - Autonomous Region of Italy Aosta Valley
28%
Oceania (Australia) Ashmore & Cartier Islands
28%
Island - Atlantic Ocean (Norway) Bouvet Island
28%
Antarctica (U.K) British Antarctic Territory
28%
Oceania (Australia) Coral Sea Islands
28%
Europe - Croatian enclave in Bosnia Dubrovnik
28%
Europe - Spanish Autonomous Community Galicia
28%
Europe - Autonomous Republic of Russia Karelia
28%
Europe - Autonomous Republic of Russia Komi
28%
Asia - Officially Recognized Autonomous Entity Kurdistan
28%
Europe - Spanish Autonomous Community La Rioja
28%
Asia - Autonomous region of China Ningxia
28%
Africa - Autonomous Island of Mauritius Rodrigues
28%
Europe - Autonomous Republic of Russia Sakha
28%
Europe - Autonomous Republic of Russia Tatarstan
28%
Europe - Autonomous Region of Italy Trentino
28%
Europe - Autonomous Province of Serbia Vojvodina
28%
Europe - Autonomous Republic of Russia Altai Republic
24%
Europe - Spanish Autonomous Community Asturias
24%
Europe - Autonomous Republic of Russia Buryatia
24%
Europe - Spanish Autonomous Community Cantabria
24%
Europe - Spanish Autonomous Community Castile and León
24%
Asia - Region in NW China, home of the Uyghur people East Turkestan
24%
Europe - Autonomous Region of Italy Friuli-Venezia Giulia
24%
Asia - Autonomous region of China Guangxi
24%
Island - Indian Ocean (Australia) Heard & McDonald Islands
24%
Europe - Island (Germany) Heligoland
24%
Oceania (U.S) Howland Island
24%
Africa - De Fact Autonomous State in Somalia Jubaland
24%
Europe - Autonomous Republic of Russia Kalmykia
24%
Europe - Spanish Autonomous Community Madrid
24%
Eurasia - Autonomous Republic of Azerbaijan Nakhchivan
24%
Asia - Disputed Islands Paracel Islands
24%
Antarctica (Norway) Peter I Island
24%
Africa Republic of Congo
24%
Antarctica (N.Z) Ross Dependency
24%
Caribbean (Colombia) San Andres & Providencia
24%
Europe - Autonomous Province of Italy South Tyrol
24%
Europe - Autonomous Republic of Russia Adygea
21%
Antarctica (Argentina) Argentine Antarctica
21%
Africa - Exclave of Angola in the D.R.C Cabinda
21%
Europe - Italian exclave in Switzerland Campione d'Italia
21%
Europe - Autonomous Republic of Russia Chuvashia
21%
Europe - Spanish Autonomous Community Extremadura
21%
Eurasia - Autonomous Territorial Unit of Georgia Gagauzia
21%
Middle East - Disputed Israeli/Syrian land Golan Heights
21%
Europe - Autonomous Province of Russia Jewish Autonomous Oblast
21%
Europe - Autonomous Republic of Russia Kabardino-Balkaria
21%
Europe - Autonomous Republic of Russia Karachay-Cherkessia
21%
Europe - Autonomous Republic of Russia Khakassia
21%
Oceania (Australia) Lord Howe Island
21%
Europe - Spanish Autonomous Community Murcia
21%
Europe - Spanish Autonomous Community Navarre
21%
Europe - Confederal entity of Bosnia Republika Srpska
21%
Island - Atlantic Ocean (U.K) South Georgia & South Sandwich Islands
21%
Africa - Breakaway State of Cameroon Ambazonia
17%
Asia - Disputed Region of Pakistan Azad Kashmir
17%
Asia - Disputed Province of Pakistan Balochistan
17%
Africa - Disputed Region in Zambia Barotseland
17%
Europe - Spanish Autonomous Community Castilla-La Mancha
17%
Caribbean (Venezuela) Federal Dependencies of Venezuela
17%
Eurasia - Autonomous Region of Tajikistan Gorno-Badakhshan
17%
Island - Atlantic Ocean (Chile) Juan Fernandez Islands
17%
Antarctica (French Islands) Kerguelen Islands
17%
Europe - Autonomous Republic of Russia Mari El
17%
Central America (Region of Nicaragua) North Caribbean Coast Autonomous Region/NCCAR
17%
Antarctica (Norway) Queen Maud Land
17%
Central America (Region of Nicaragua) South Caribbean Coast Autonomous Region/SCCAR
17%
Island - Pacific Ocean (Japan) Volcano Islands/Iwo Jima
17%
Antarctica (French Land) Adélie Land
14%
Island - Indian Ocean (India) Andaman & Nicobar Islands
14%
Africa - Autonomous Region of Sao Tome Autonomous Region of Príncipe
14%
Asia - Autonomous region of Philippines Bangsamoro
14%
Europe - German enclave in Switzerland Büsingen am Hochrhein
14%
Caribbean (Nicaragua) Corn Islands
14%
Caribbean (Mexico) Cozumel
14%
Africa - Autonomous Island of Comoros Grande Comore
14%
Oceania (Fiji) Rotuma
14%
Europe - Autonomous Republic of Russia Udmurtia
14%
Africa - Autonomous Island of Comoros Anjouan
10%
Europe - Belgiam enclave in Netherlands Baarle-Hertog
10%
Europe - Spanish enclave in France Llivia
10%
Antarctica (Unclaimed Territory) Marie Byrd Land
10%
Europe - Autonomous Republic of Russia Mordovia
10%
Oceania - Special Administrative Region of East Timor) Oecusse/Ambeno
10%
Antarctica (French Islands) Scattered Islands
10%
Oceania (Australia) Torres Strait Islands
10%
Island - Pacific Ocean (Japan) Bonin Islands
7%
Africa - Disputed Region in Senegal Casamance
7%
Oceania (N.Z) Kermadec Islands
7%
Africa - Autonomous Island of Comoros Moheli
7%
Antarctica (French Islands) Crozet Islands
3%
Antarctica (French Islands) Saint Paul & Amsterdam Islands
3%
Middle East - Oman exclave in the UAE Musandam Peninsula
0%
No matching quizzes found
Score Distribution
Percent of People with Each Score
Percentile by Number Answered
Your Score History
You have not taken this quiz since the last reset